[Event "Muensterland Verbandsliga 1819"]
[Site "Germany"]
[Date "2019.02.16"]
[Round "7.2"]
[White "Junker, Axel"]
[Black "Leder, Nils"]
[Result "1/2-1/2"]
[WhiteElo "1928"]
[BlackElo "1875"]
[PlyCount "77"]
[EventDate "2018.09.01"]
[EventType "team-tourn"]
[EventRounds "9"]
[EventCountry "GER"]
[SourceTitle "EXT 2020"]
[Source "ChessBase"]
[SourceDate "2019.10.17"]
[SourceVersion "1"]
[SourceVersionDate "2019.10.17"]
[SourceQuality "1"]
[WhiteTeam "Telgte"]
[BlackTeam "Muenster IV"]
[WhiteTeamCountry "GER"]
[BlackTeamCountry "GER"]

1. c4 Nf6 2. Nc3 e5 3. Nf3 Nc6 4. g3 Be7 5. Bg2 d6 6. 0-0 Be6 7. d3 h6 8. Rb1 Qd7 9. Re1 Bh3 10. Bh1 0-0 11. b4 Rfe8 12. e3 Bf8 13. b5 Ne7 14. e4 Ng6 15. Nd5 Nxd5 16. cxd5 c6 17. bxc6 bxc6 18. dxc6 Qxc6 19. Be3 Rac8 20. Qd2 Qa6 21. Rb2 Rc7 22. Reb1 Rec8 23. Ne1 Ne7 24. Rb8 Be6 25. Rxc8 Rxc8 26. Rb2 d5 27. exd5 Bxd5 28. Bxd5 Nxd5 29. Nf3 Bd6 30. h4 Nxe3 31. Qxe3 Qc6 32. Ne1 Qa4 33. Kg2 a6 34. Qe4 Qxe4+ 35. dxe4 Rc6 36. Nf3 Kf8 37. Rd2 Ke7 38. g4 g6 39. Rb2 1/2-1/2

[Event "Muensterland Verbandsliga 1819"]
[Site "Germany"]
[Date "2018.09.01"]
[Round "1.2"]
[White "Hofene, Dieter"]
[Black "Leder, Nils"]
[Result "1/2-1/2"]
[WhiteElo "2001"]
[BlackElo "1875"]
[PlyCount "72"]
[EventDate "2018.09.01"]
[EventType "team-tourn"]
[EventRounds "9"]
[EventCountry "GER"]
[SourceTitle "EXT 2020"]
[Source "ChessBase"]
[SourceDate "2019.10.17"]
[SourceVersion "1"]
[SourceVersionDate "2019.10.17"]
[SourceQuality "1"]
[WhiteTeam "Beelen"]
[BlackTeam "Muenster IV"]
[WhiteTeamCountry "GER"]
[BlackTeamCountry "GER"]

1. e4 c6 2. d4 d5 3. exd5 cxd5 4. Bd3 Nc6 5. c3 Nf6 6. Bf4 Bg4 7. Qb3 Qd7 8. Nd2 e6 9. Ngf3 Bd6 10. Bxd6 Qxd6 11. 0-0 0-0 12. Rae1 Nd7 13. Qc2 g6 14. Re3 Rac8 15. Qb1 Ne7 16. h3 Bf5 17. Nh4 Bxd3 18. Qxd3 b5 19. f4 Nf5 20. Nxf5 exf5 21. Nb3 b4 22. Qe2 bxc3 23. Rxc3 Rxc3 24. bxc3 Nf6 25. c4 dxc4 26. Qxc4 Nd5 27. Qc5 Qe6 28. Qxa7 Qe3+ 29. Kh2 Nxf4 30. Qc7 Ne6 31. Qg3 Qe2 32. Rxf5 Qxa2 33. Ra5 Qb2 34. d5 Nf4 35. Qxf4 Qxb3 36. Qe5 Qb8 1/2-1/2

[Event "Muensterland Regionalliga 1718"]
[Site "Germany"]
[Date "2018.01.13"]
[Round "5.3"]
[White "Leder, Nils"]
[Black "Luetkehermoelle, Martin"]
[Result "1-0"]
[WhiteElo "1870"]
[BlackElo "1972"]
[PlyCount "65"]
[EventDate "2017.09.02"]
[EventType "team-tourn"]
[EventRounds "9"]
[EventCountry "GER"]
[SourceTitle "EXT 2019"]
[Source "ChessBase"]
[SourceDate "2018.10.10"]
[SourceVersion "1"]
[SourceVersionDate "2018.10.10"]
[SourceQuality "1"]
[WhiteTeam "Muenster SK III"]
[BlackTeam "Gronau"]
[WhiteTeamCountry "GER"]
[BlackTeamCountry "GER"]

1. e4 c5 2. Nf3 Nc6 3. Bb5 e6 4. 0-0 Nge7 5. Re1 a6 6. Bf1 d5 7. exd5 Nxd5 8. d4 cxd4 9. Nxd4 Qb6 10. Nb3 Be7 11. c4 Nf6 12. Nc3 Na5 13. Be3 Qb4 14. Nxa5 Qxa5 15. Qa4+ Qxa4 16. Nxa4 Bd7 17. Nb6 Rd8 18. Nxd7 Rxd7 19. Red1 Rxd1 20. Rxd1 Nd7 21. g3 Ne5 22. b3 Bb4 23. Bg2 Nc6 24. Bc1 Ke7 25. a3 Bd6 26. b4 Rb8 27. Bb2 f6 28. f4 e5 29. Re1 Kd7 30. Rd1 Ke7 31. Bc1 exf4 32. Bxc6 bxc6 33. Rxd6 1-0

[Event "Muensterland Regionalliga 1718"]
[Site "Germany"]
[Date "2017.11.11"]
[Round "3.3"]
[White "Leder, Nils"]
[Black "Hachmeister, Dirk"]
[Result "1/2-1/2"]
[WhiteElo "1870"]
[BlackElo "2143"]
[PlyCount "55"]
[EventDate "2017.09.02"]
[EventType "team-tourn"]
[EventRounds "9"]
[EventCountry "GER"]
[SourceTitle "EXT 2019"]
[Source "ChessBase"]
[SourceDate "2018.10.10"]
[SourceVersion "1"]
[SourceVersionDate "2018.10.10"]
[SourceQuality "1"]
[WhiteTeam "Muenster SK III"]
[BlackTeam "Neuenkirchen"]
[WhiteTeamCountry "GER"]
[BlackTeamCountry "GER"]

1. e4 c6 2. d4 d6 3. Nf3 Bg4 4. Be2 Nd7 5. 0-0 e5 6. c3 Be7 7. Qb3 Qc7 8. Ng5 Bxg5 9. Bxg4 Bxc1 10. Rxc1 Ngf6 11. Bf3 0-0 12. Nd2 Rfe8 13. Re1 Rab8 14. Rad1 b5 15. Nf1 g6 16. Qc2 Kg7 17. Qd2 h6 18. h4 Nf8 19. g3 Re7 20. dxe5 dxe5 21. Qd6 Ne6 22. Bg2 h5 23. Bh3 Nf8 24. Kg2 Rbe8 25. f3 Qb6 26. Ne3 N8d7 27. Qd2 Nf8 28. Nc2 1/2-1/2

[Event "Muensterland Regionalliga 1718"]
[Site "Germany"]
[Date "2017.09.02"]
[Round "1.2"]
[White "Mueschenich, Stefan"]
[Black "Leder, Nils"]
[Result "1/2-1/2"]
[WhiteElo "2082"]
[BlackElo "1870"]
[PlyCount "112"]
[EventDate "2017.09.02"]
[EventType "team-tourn"]
[EventRounds "9"]
[EventCountry "GER"]
[SourceTitle "EXT 2019"]
[Source "ChessBase"]
[SourceDate "2018.10.10"]
[SourceVersion "1"]
[SourceVersionDate "2018.10.10"]
[SourceQuality "1"]
[WhiteTeam "Muenster SK II"]
[BlackTeam "Muenster SK III"]
[WhiteTeamCountry "GER"]
[BlackTeamCountry "GER"]

1. e4 c6 2. Nc3 d5 3. Qf3 dxe4 4. Nxe4 Nd7 5. d4 Ngf6 6. Bc4 Nb6 7. Bd3 Qxd4 8. Ne2 Qd8 9. Bg5 Qc7 10. 0-0-0 Bd7 11. Bh4 Nxe4 12. Bxe4 e6 13. Bg3 Qc8 14. Be5 Nc4 15. Bc3 Qc7 16. Qd3 Nb6 17. f4 f6 18. Bxh7 0-0-0 19. Be4 Nd5 20. Bd2 Bd6 21. g3 f5 22. Bxd5 exd5 23. Bc3 Rh7 24. Nd4 g6 25. Nf3 Re8 26. Rhe1 Rhe7 27. Be5 Bxe5 28. Rxe5 g5 29. Rxe7 Rxe7 30. Nxg5 Qd8 31. Qa3 a6 32. Nf3 Re2 33. Rd2 Qe8 34. Qd3 Re3 35. Qf1 Qe4 36. Rd3 d4 37. Kd1 c5 38. Nd2 Qe6 39. Rxe3 dxe3 40. Nc4 Bb5 41. b3 Qd5+ 42. Qd3 Qh1+ 43. Ke2 Qxh2+ 44. Kxe3 Qxg3+ 45. Ke2 Qxf4 46. Nb6+ Kb8 47. c4 Qe5+ 48. Kf2 Qh2+ 49. Kf1 Qh1+ 50. Ke2 Qg2+ 51. Kd1 Qh1+ 52. Kc2 Qh2+ 53. Kb1 Qh1+ 54. Kc2 Qh2+ 55. Kb1 Qh1+ 56. Kc2 Qh2+ 1/2-1/2

[Event "Dortmund Sparkassen op-B 44th"]
[Site "Dortmund"]
[Date "2016.07.16"]
[Round "8"]
[White "Naumann, Felix"]
[Black "Leder, Nils"]
[Result "1/2-1/2"]
[WhiteElo "1812"]
[BlackElo "1699"]
[PlyCount "61"]
[EventDate "2016.07.09"]
[EventType "swiss"]
[EventRounds "9"]
[EventCountry "GER"]
[SourceTitle "CBM 173 Extra"]
[Source "ChessBase"]
[SourceDate "2016.08.29"]
[SourceVersion "1"]
[SourceVersionDate "2016.08.29"]
[SourceQuality "1"]

1. d4 Nf6 2. Nf3 b6 3. Bf4 Bb7 4. e3 e6 5. Nbd2 Be7 6. Bd3 0-0 7. h3 c5 8. c3 d6 9. 0-0 Nbd7 10. Nc4 Qc7 11. dxc5 Nxc5 12. Nxd6 Nxd3 13. Qxd3 Nd5 14. Nxb7 Nxf4 15. exf4 Qxb7 16. Ng5 Bxg5 17. fxg5 Rfd8 18. Qe3 Rd5 19. Rad1 Rad8 20. Rxd5 Qxd5 21. Qf4 Qxa2 22. Qc7 Rf8 23. b4 g6 24. h4 Qa6 25. Rd1 Rc8 26. Qe7 Qc4 27. Qf6 a6 28. g3 b5 29. Rd6 Qa2 30. g4 Qe2 31. Rd8+ 1/2-1/2

[Event "Dortmund Sparkassen op-B 44th"]
[Site "Dortmund"]
[Date "2016.07.10"]
[Round "2"]
[White "Leder, Nils"]
[Black "Lohmar, Hermann"]
[Result "1-0"]
[WhiteElo "1699"]
[BlackElo "1521"]
[PlyCount "59"]
[EventDate "2016.07.09"]
[EventType "swiss"]
[EventRounds "9"]
[EventCountry "GER"]
[SourceTitle "CBM 173 Extra"]
[Source "ChessBase"]
[SourceDate "2016.08.29"]
[SourceVersion "1"]
[SourceVersionDate "2016.08.29"]
[SourceQuality "1"]

1. e4 c6 2. Nf3 d5 3. Nc3 dxe4 4. Nxe4 Bf5 5. Ng3 Bg6 6. Ne5 e6 7. h4 Nd7 8. Nxd7 Qxd7 9. h5 Bf5 10. d3 e5 11. Nxf5 Qxf5 12. Be2 Bc5 13. Bf3 Nf6 14. Qe2 0-0-0 15. g4 Qe6 16. g5 e4 17. dxe4 Nxe4 18. Qxe4 Qd6 19. Bg4+ Kc7 20. Bf4 Rhe8 21. Bxd6+ Bxd6 22. Qxe8 Rxe8+ 23. Kf1 Re5 24. g6 fxg6 25. h6 gxh6 26. Rxh6 Rg5 27. Rxh7+ Kb6 28. Bc8 Kc5 29. Rxb7 Bh2 30. Rd1 1-0

[Event "Dortmund Sparkassen op-B 44th"]
[Site "Dortmund"]
[Date "2016.07.09"]
[Round "1"]
[White "Burosch, Raimund"]
[Black "Leder, Nils"]
[Result "1/2-1/2"]
[WhiteElo "1413"]
[BlackElo "1699"]
[PlyCount "65"]
[EventDate "2016.07.09"]
[EventType "swiss"]
[EventRounds "9"]
[EventCountry "GER"]
[SourceTitle "CBM 173 Extra"]
[Source "ChessBase"]
[SourceDate "2016.08.29"]
[SourceVersion "1"]
[SourceVersionDate "2016.08.29"]
[SourceQuality "1"]

1. e4 c6 2. d3 d5 3. Nd2 e5 4. Ngf3 Bd6 5. g3 f5 6. exf5 Bxf5 7. Bg2 Nf6 8. 0-0 0-0 9. Re1 Nbd7 10. Nf1 Qc7 11. Ne3 Be6 12. Ng5 Bf7 13. Nxf7 Rxf7 14. Bh3 Re8 15. c3 e4 16. Nf5 Bf8 17. Bf4 Qd8 18. dxe4 Nxe4 19. Nd4 Rxf4 20. gxf4 Qh4 21. Qf3 Ndf6 22. Nf5 Qh5 23. Qxh5 Nxh5 24. f3 Bc5+ 25. Nd4 Nxf4 26. Bg2 Re5 27. fxe4 Rg5 28. Kh1 Bxd4 29. cxd4 Rxg2 30. Rf1 Rg4 31. exd5 cxd5 32. Rfe1 g6 33. Re8+ 1/2-1/2